|
|
|
|
| LEADER |
00966nam a2200217 a 4500 |
| 001 |
GR-MES2575 |
| 008 |
991111s1993 gr 000 0 gre d |
| 020 |
|
|
|a 960343180X
|
| 040 |
|
|
|a GrPaTEI
|b gre
|c GR-PaULI
|
| 245 |
0 |
0 |
|a Εργαστηριακές ασκήσεις βοτανικής.
|
| 260 |
|
|
|a Θεσσαλονίκη :
|b Αφοι Κυριακίδη,
|c 1993
|
| 300 |
|
|
|a 311σελ. :
|b εικ.
|
| 500 |
|
|
|a περιέχει βιβλιογραφικές αναφορές και ευρετήριο
|
| 650 |
|
4 |
|a Βοτανική
|
| 700 |
1 |
|
|a Κουκόλη, Ε.
|
| 700 |
1 |
|
|a Τσέκος, Ι.
|
| 710 |
0 |
|
|a Αφοι Κυριακίδη
|
| 942 |
|
|
|2 ddc
|
| 952 |
|
|
|0 0
|1 0
|2 ddc
|4 0
|6 581_000000000000000_ΤΣΕ
|7 0
|9 266981
|a MSLG
|b MSLG
|c BSC
|d 2021-01-17
|e 24
|f 0
|g 0.00
|l 0
|o 581 ΤΣΕ
|p 2420000004419
|r 2021-01-17 00:00:00
|t 1
|v 2021.00
|w 2021-01-17
|y BK15
|x Μεταφορά από Αμαλιάδα (18/10/22)
|x GrPaTEI
|
| 971 |
|
|
|a .b25736206
|b 16-04-20
|c 13-09-16
|
| 999 |
|
|
|c 153659
|d 153659
|